Statistics for Fruits By Pictures By First-Two Letters In 15 Seconds

Click here to take the quiz!

General Stats

  • This quiz has been taken 2,186 times
    (1,920 since last reset)
  • The average score is 8 of 15

Answer Stats

Answer% Correct
Apple
99%
Apricot
99%
Avocado
88%
Banana
85%
Blue Berry
74%
Coconut
74%
Pineapple
52%
Cucumber
42%
Mango
38%
Grapes
28%
Orange
25%
Lemon
22%
Papaya
15%
Strawberry
9%
Watermelon
6%

Score Distribution

Percentile by Number Answered

Percent of People with Each Score

Your Score History

You have not taken this quiz since the last reset